000 01019nam0a22002891 4500
001 rc\3729332
005 20130115153847.2
021 _aRU
_b[69-73076]
035 _a(NLR Aleph) 007879412
090 _a7908433
_c7908433
100 _a20130115d1969 |||y0rusy50 ca
101 1 _arus
_clit
102 _aRU
105 _aa z |||a|
200 1 _aАдамово яблоко
_eРоман
_f[Авториз. пер. с лит. З. Куторги
_gИл.: А. Гангалюка
210 _aМосква]
_cМол. гвардия
_d1969
215 _a350 с.
_cил.
_d21
300 _aВ вып. дан. авт.: Слуцкис Миколас Гецелевич
700 1 _6z01790
_aСлуцкис
_bМ. Г.
_f1928-
_gМиколас Гецелевич
702 1 _aГангалюка
_bА.
_4440
702 1 _aКуторга
_bЗ.
_4730
790 1 _6z01700
_aСлуцкис
_bМ.
_f1928-
_gМиколас
801 0 _aRU
_bNLR
_gpsbo
801 1 _aRU
_bELAR
_2rusmarc
852 _aNLR
_j69-3/6560
942 _cBOOK
980 _aNB